<?xml version="1.0" encoding="UTF-8"?>
<record
    xmlns:xsi="http://www.w3.org/2001/XMLSchema-instance"
    xsi:schemaLocation="http://www.loc.gov/MARC21/slim http://www.loc.gov/standards/marcxml/schema/MARC21slim.xsd"
    xmlns="http://www.loc.gov/MARC21/slim">

  <leader>00913nam a22002057a 4500</leader>
  <controlfield tag="005">20260209131925.0</controlfield>
  <controlfield tag="008">260209b        |||||||| |||| 00| 0 eng d</controlfield>
  <datafield tag="020" ind1=" " ind2=" ">
    <subfield code="a">9789355738073</subfield>
  </datafield>
  <datafield tag="040" ind1=" " ind2=" ">
    <subfield code="c">VITAP</subfield>
  </datafield>
  <datafield tag="082" ind1=" " ind2=" ">
    <subfield code="2">23rd Ed.</subfield>
    <subfield code="a">658.403 MAY</subfield>
  </datafield>
  <datafield tag="100" ind1=" " ind2=" ">
    <subfield code="a">Mayes, Timothy R.</subfield>
    <subfield code="9">17012</subfield>
  </datafield>
  <datafield tag="245" ind1=" " ind2=" ">
    <subfield code="a">Financial Analysis with Microsoft&#xAE; Excel&#xAE; 2016</subfield>
    <subfield code="c">/ Timothy R. Mayes and Todd M. Shank</subfield>
  </datafield>
  <datafield tag="250" ind1=" " ind2=" ">
    <subfield code="a">8th Ed.</subfield>
  </datafield>
  <datafield tag="260" ind1=" " ind2=" ">
    <subfield code="a">New Delhi</subfield>
    <subfield code="b">Cengage Learning India Pvt. Ltd.</subfield>
    <subfield code="c">2025</subfield>
  </datafield>
  <datafield tag="300" ind1=" " ind2=" ">
    <subfield code="a">xx, 540p. : ill. ; 25cm</subfield>
  </datafield>
  <datafield tag="500" ind1=" " ind2=" ">
    <subfield code="a">It includes Index Pages.</subfield>
  </datafield>
  <datafield tag="650" ind1=" " ind2="0">
    <subfield code="a">Electronic spreadsheets; Management science--Computer simulation; Operations research--Computer simulation; Decision making--Data processing; Decision making--Computer simulation; Decision support systems--Computer programs; Management--Data processing; Management--Mathematical models</subfield>
    <subfield code="9">17013</subfield>
  </datafield>
  <datafield tag="700" ind1=" " ind2=" ">
    <subfield code="a">Shank, Todd M.</subfield>
    <subfield code="9">17014</subfield>
  </datafield>
  <datafield tag="942" ind1=" " ind2=" ">
    <subfield code="2">ddc</subfield>
    <subfield code="c">BK</subfield>
  </datafield>
  <datafield tag="999" ind1=" " ind2=" ">
    <subfield code="c">47246</subfield>
    <subfield code="d">47246</subfield>
  </datafield>
  <datafield tag="952" ind1=" " ind2=" ">
    <subfield code="0">0</subfield>
    <subfield code="1">0</subfield>
    <subfield code="2">ddc</subfield>
    <subfield code="3">Paper Back</subfield>
    <subfield code="4">0</subfield>
    <subfield code="7">0</subfield>
    <subfield code="8">REF</subfield>
    <subfield code="a">VSB</subfield>
    <subfield code="b">VITAP</subfield>
    <subfield code="c">REF</subfield>
    <subfield code="d">2026-01-31</subfield>
    <subfield code="e">Syamala Book Links, Visakhapatnam</subfield>
    <subfield code="g">910.00</subfield>
    <subfield code="i">SBL151</subfield>
    <subfield code="l">0</subfield>
    <subfield code="o">658.403 MAY</subfield>
    <subfield code="p">025412</subfield>
    <subfield code="r">2026-02-09 12:32:00</subfield>
    <subfield code="v">910.00</subfield>
    <subfield code="w">2026-01-31</subfield>
    <subfield code="y">REF</subfield>
    <subfield code="z">MGT</subfield>
  </datafield>
  <datafield tag="952" ind1=" " ind2=" ">
    <subfield code="0">0</subfield>
    <subfield code="1">0</subfield>
    <subfield code="2">ddc</subfield>
    <subfield code="3">Paper Back</subfield>
    <subfield code="4">0</subfield>
    <subfield code="7">0</subfield>
    <subfield code="a">VSB</subfield>
    <subfield code="b">VITAP</subfield>
    <subfield code="c">GEN</subfield>
    <subfield code="d">2026-01-31</subfield>
    <subfield code="e">Syamala Book Links, Visakhapatnam</subfield>
    <subfield code="g">910.00</subfield>
    <subfield code="i">SBL151</subfield>
    <subfield code="l">0</subfield>
    <subfield code="o">658.403 MAY</subfield>
    <subfield code="p">025413</subfield>
    <subfield code="r">2026-02-09 12:32:56</subfield>
    <subfield code="v">910.00</subfield>
    <subfield code="w">2026-01-31</subfield>
    <subfield code="y">BK</subfield>
    <subfield code="z">MGT</subfield>
  </datafield>
  <datafield tag="952" ind1=" " ind2=" ">
    <subfield code="0">0</subfield>
    <subfield code="1">0</subfield>
    <subfield code="2">ddc</subfield>
    <subfield code="3">Paper Back</subfield>
    <subfield code="4">0</subfield>
    <subfield code="7">0</subfield>
    <subfield code="a">VSB</subfield>
    <subfield code="b">VITAP</subfield>
    <subfield code="c">GEN</subfield>
    <subfield code="d">2026-01-31</subfield>
    <subfield code="e">Syamala Book Links, Visakhapatnam</subfield>
    <subfield code="g">910.00</subfield>
    <subfield code="i">SBL151</subfield>
    <subfield code="l">0</subfield>
    <subfield code="o">658.403 MAY</subfield>
    <subfield code="p">025414</subfield>
    <subfield code="r">2026-02-09 12:32:56</subfield>
    <subfield code="v">910.00</subfield>
    <subfield code="w">2026-01-31</subfield>
    <subfield code="y">BK</subfield>
    <subfield code="z">MGT</subfield>
  </datafield>
</record>
